Revista Argentina de Intergración Archivística (Registro nro. 8716)

Detalles MARC
000 -LEADER
fixed length control field 00903nas a2200289 454500
001 - CONTROL NUMBER
control field 31922
005 - DATE AND TIME OF LATEST TRANSACTION
control field 20260407193508.0
008 - FIXED-LENGTH DATA ELEMENTS--GENERAL INFORMATION
fixed length control field 260407s1993####ag###########|||spa#d
003 - CONTROL NUMBER IDENTIFIER
control field AR-UNSa-BCEJYS
040 ## - CATALOGING SOURCE
Original cataloging agency AR-UNSa-BCEJYS
Language of cataloging spa
Transcribing agency AR-UNSa-BCEJYS
080 ## - UNIVERSAL DECIMAL CLASSIFICATION NUMBER
Universal Decimal Classification number 930.25
Common auxiliary subdivision Archivística. Archivos
022 ## - INTERNATIONAL STANDARD SERIAL NUMBER
International Standard Serial Number 0327-6619
041 ## - LANGUAGE CODE
Language code of text/sound track or separate title spa
100 1# - MAIN ENTRY--PERSONAL NAME
Personal name Senestrari, Marcelo Alberto
245 10 - TITLE STATEMENT
Title Revista Argentina de Intergración Archivística
264 #1 - PRODUCTION, PUBLICATION, DISTRIBUTION, MANUFACTURE, AND COPYRIGHT NOTICE
Place of production, publication, distribution, manufacture Córdoba :
Name of producer, publisher, distributor, manufacturer [s.n.]
Date of production, publication, distribution, manufacture, or copyright notice 1993
310 ## - CURRENT PUBLICATION FREQUENCY
Current publication frequency Frecuencia: Cuatrimestral
590 ## - LOCAL NOTE (RLIN)
Local note niveau_biblio:s niveau_hierar:1
650 ## - SUBJECT ADDED ENTRY--TOPICAL TERM
Topical term or geographic name entry element Archivos
650 ## - SUBJECT ADDED ENTRY--TOPICAL TERM
Topical term or geographic name entry element Archivos nacionales
650 ## - SUBJECT ADDED ENTRY--TOPICAL TERM
Topical term or geographic name entry element Archivos públicos
650 ## - SUBJECT ADDED ENTRY--TOPICAL TERM
Topical term or geographic name entry element Informática
650 ## - SUBJECT ADDED ENTRY--TOPICAL TERM
Topical term or geographic name entry element Restauración
650 ## - SUBJECT ADDED ENTRY--TOPICAL TERM
Topical term or geographic name entry element Microfilm
856 41 - ELECTRONIC LOCATION AND ACCESS
Uniform Resource Identifier <a href="https://biblioeco.unsa.edu.ar/pmb/images/revistas/Procesamiento de la informacion-r15527.jpg">https://biblioeco.unsa.edu.ar/pmb/images/revistas/Procesamiento de la informacion-r15527.jpg</a>
Link text Imagen de portada
Electronic format type image/jpeg
942 ## - ADDED ENTRY ELEMENTS (KOHA)
Koha item type
Existencias
Withdrawn status Lost status Damaged status Not for loan Home library Current library Shelving location Date acquired Serial enumeration / chronology Total checkouts Full call number Barcode Date last seen Price effective from Koha item type
        Biblioteca Prof. Eusebio Cleto del Rey Biblioteca Prof. Eusebio Cleto del Rey   01/02/1994 Año II, Nº 9 - feb. 1994   H930.25 ARC a2.n9 R15527 10/04/2026 10/04/2026 Numero
        Biblioteca Prof. Eusebio Cleto del Rey Biblioteca Prof. Eusebio Cleto del Rey   01/10/1993 Año II, Nº 8 - oct. 1993   H930.25 ARC a2.n8 R15526 10/04/2026 10/04/2026 Numero
        Biblioteca Prof. Eusebio Cleto del Rey Biblioteca Prof. Eusebio Cleto del Rey   01/10/1993 Año II, Nº 8 - oct. 1993   H930.25 ARC a2.n8 Ej.2 R15553 10/04/2026 10/04/2026 Numero
        Biblioteca Prof. Eusebio Cleto del Rey Biblioteca Prof. Eusebio Cleto del Rey   01/06/1993 Año II, Nº 7 - jun. 1993   H930.25 ARC a2.n7 R15524 10/04/2026 10/04/2026 Numero
        Biblioteca Prof. Eusebio Cleto del Rey Biblioteca Prof. Eusebio Cleto del Rey   01/06/1993 Año II, Nº 7 - jun. 1993   H930.25 ARC a2.n7 Ej.2 R15552 10/04/2026 10/04/2026 Numero